000 00947nas a2200313 4500
001 BR0804190
003 BR-BrBNA
005 20231205111753.0
007 ta
008 230509b bl.|||p| |||| 00| 00por d
040 _aBR-BrBNA
_bpor
_cBiblioteca Nacional de Agricultura
041 _a(Pt)
072 _aL70
100 1 _aArantes, T.P.
100 1 _aBuzzulini, C.
100 1 _aSilva, H.C.
100 1 _aSakamoto, C.A.
100 1 _aBarufi, F.B.
100 1 _aOliveira, G.P.
100 1 _aCosta, A.J.
245 1 _aAção mosquicida e carrapaticida de uma formulação pour-on à base de clorpirifós 12 por cento em bovinos naturalmente infestados
650 _aBOVINO
650 _aMEDICAMENTO
650 _aCARRAPATICIDA
650 _aMOSCA
773 0 _tA Hora Veterinária (Brazil)
_xISSN 0101-9163
_g(Mar-Apr 2005), v. 24(144) p. 13-16
_wBR0804190
909 _a202311
_bLúcia
_c55
_dLúcia Elande
942 _2AGRIS
_n0
_cANA
999 _c194401
_d194401